00359 2200133 4500001002100000005001500021035002400036090002100060245007300081260002500154300002600179990000900205990001100214YOGYA00000000005452720140823062421 0010-081400000054245 aT 796.8 Jok K(2) aKaidah-kaidah pencak Silat Seni Bela diricJoko Subroto, Moch Rohadi aSolobCV Anekac1994 a84 hlm.bilus.b21 cm a4028 a7810-P